South Eastern Kenya University

Library Online Public Access Catalogue


Multistate Subjects outline materials. (Record no. 7249)

MARC details
000 -LEADER
fixed length control field 01659cas a2200469 a 4500
001 - CONTROL NUMBER
control field 14764934
003 - CONTROL NUMBER IDENTIFIER
control field OSt
005 - DATE AND TIME OF LATEST TRANSACTION
control field 20150727124037.0
008 - FIXED-LENGTH DATA ELEMENTS--GENERAL INFORMATION
fixed length control field 070312c20079999xxuar 0 0eng
010 ## - LIBRARY OF CONGRESS CONTROL NUMBER
LC control number 2007210571
035 ## - SYSTEM CONTROL NUMBER
System control number (OCoLC)ocn150554421
040 ## - CATALOGING SOURCE
Original cataloging agency SEKU
042 ## - AUTHENTICATION CODE
Authentication code pcc
043 ## - GEOGRAPHIC AREA CODE
Geographic area code n-us---
050 00 - LIBRARY OF CONGRESS CALL NUMBER
Classification number KF 386
Item number .B3
245 00 - TITLE STATEMENT
Title Multistate Subjects outline materials.
246 30 - VARYING FORM OF TITLE
Title proper/short title Multistate subjects
246 30 - VARYING FORM OF TITLE
Title proper/short title California subjects
246 13 - VARYING FORM OF TITLE
Title proper/short title Bar passers bar review.
Name of part/section of a work Multistate subjects
246 13 - VARYING FORM OF TITLE
Title proper/short title Bar passers bar review.
Name of part/section of a work California subjects
260 ## - PUBLICATION, DISTRIBUTION, ETC. (IMPRINT)
Place of publication, distribution, etc. United States :
Name of publisher, distributor, etc. BarPassers Review
300 ## - PHYSICAL DESCRIPTION
Extent v. :
Other physical details ill. ;
Dimensions 26 cm.
310 ## - CURRENT PUBLICATION FREQUENCY
Current publication frequency Annual
362 1# - DATES OF PUBLICATION AND/OR SEQUENTIAL DESIGNATION
Dates of publication and/or sequential designation Began with 2007.
515 ## - NUMBERING PECULIARITIES NOTE
Numbering peculiarities note Issues for <2012-> lack numerical and chronological designations.
515 ## - NUMBERING PECULIARITIES NOTE
Numbering peculiarities note In 2 vols., v. 1: Multistate subjects; and v. 2: California subjects.
588 ## - SOURCE OF DESCRIPTION NOTE
Source of description note Description based on: 2007; title from t.p.
588 ## - SOURCE OF DESCRIPTION NOTE
Source of description note Latest issue consulted: 2012.
650 #0 - SUBJECT ADDED ENTRY--TOPICAL TERM
Topical term or geographic name as entry element Law
Geographic subdivision United States
Form subdivision Outlines, syllabi, etc.
650 #0 - SUBJECT ADDED ENTRY--TOPICAL TERM
Topical term or geographic name as entry element Bar examinations
Geographic subdivision United States
Form subdivision Study guides.
650 #0 - SUBJECT ADDED ENTRY--TOPICAL TERM
Topical term or geographic name as entry element Law
Geographic subdivision California
Form subdivision Outlines, syllabi, etc.
650 #0 - SUBJECT ADDED ENTRY--TOPICAL TERM
Topical term or geographic name as entry element Bar examinations
Geographic subdivision California
Form subdivision Study guides.
650 #7 - SUBJECT ADDED ENTRY--TOPICAL TERM
Topical term or geographic name as entry element Bar examinations.
Source of heading or term fast
Authority record control number (OCoLC)fst00827374
650 #7 - SUBJECT ADDED ENTRY--TOPICAL TERM
Topical term or geographic name as entry element Law.
Source of heading or term fast
Authority record control number (OCoLC)fst00993678
651 #7 - SUBJECT ADDED ENTRY--GEOGRAPHIC NAME
Geographic name California.
Source of heading or term fast
Authority record control number (OCoLC)fst01204928
651 #7 - SUBJECT ADDED ENTRY--GEOGRAPHIC NAME
Geographic name United States.
Source of heading or term fast
Authority record control number (OCoLC)fst01204155
655 #7 - INDEX TERM--GENRE/FORM
Genre/form data or focus term Outlines and syllabi.
Source of term fast
Authority record control number (OCoLC)fst01423836
655 #7 - INDEX TERM--GENRE/FORM
Genre/form data or focus term Study guides.
Source of term fast
Authority record control number (OCoLC)fst01423888
710 2# - ADDED ENTRY--CORPORATE NAME
Corporate name or jurisdiction name as entry element BarPassers Bar Review.
942 ## - ADDED ENTRY ELEMENTS (KOHA)
Source of classification or shelving scheme Library of Congress Classification
Koha item type General circulation
Holdings
Withdrawn status Lost status Source of classification or shelving scheme Damaged status Not for loan Home library Current library Shelving location Date acquired Source of acquisition Total Checkouts Full call number Barcode Date last seen Price effective from Koha item type Public note
    Library of Congress Classification     Main Campus Library Main Campus Library General Stacks 27/07/2015 Donation-Books for Africa   KF 386 .B3 2015/004867 27/07/2015 27/07/2015 General circulation amk
Kitui, Kenya.
+254736116989
library@seku.ac.ke